रिश्तों के दंशः (Record no. 54496)

MARC details
000 -LEADER
fixed length control field 01153nam a22002657a 4500
005 - DATE AND TIME OF LATEST TRANSACTION
control field 20110125140113.0
008 - FIXED-LENGTH DATA ELEMENTS--GENERAL INFORMATION
fixed length control field 110125t xxu||||| |||| 00| 0 mar d
010 ## - LCCN (DPL NO)
LC control number HIN-93440
020 ## - INTERNATIONAL STANDARD BOOK NUMBER
International Standard Book Number 9788191088090
Terms of availability 150.00
035 ## - SYSTEM CONTROL NUMBER
System control number HN-65786
037 ## - SOURCE OF ACQUISITION
Source of stock number/acquisition DBAD / PUB
040 ## - CATALOGING SOURCE
Original cataloging agency DPL
Language of cataloging HN
082 ## - DEWEY DECIMAL CLASSIFICATION NUMBER
Classification number
100 ## - MAIN ENTRY--PERSONAL NAME
9 (RLIN) 25582
Personal name नीता दानी
245 ## - TITLE STATEMENT
Title रिश्तों के दंशः
Statement of responsibility, etc नीता दानी
Remainder of title पुरस्कृत उपन्यास /
246 ## - VARYING FORM OF TITLE
Title proper/short title Rishton ke dansh
Remainder of title by Nita Dani
260 ## - PUBLICATION, DISTRIBUTION, ETC. (IMPRINT)
Place of publication, distribution, etc लखनऊ
Name of publisher, distributor, etc मैत्री पब्लिकेशन्स
Date of publication, distribution, etc 2010
270 ## - ADDRESS
Address 17, अशोक मार्ग
City लखनऊ
Telephone number 0522 2288381
300 ## - PHYSICAL DESCRIPTION
Extent 148पृ
Dimensions 22सेमी (सजिल्द)
650 ## - SUBJECT ADDED ENTRY--TOPICAL TERM
9 (RLIN) 1169
Topical term or geographic name as entry element हिन्दी कथा साहित्य
650 ## - SUBJECT ADDED ENTRY--TOPICAL TERM
9 (RLIN) 30223
Topical term or geographic name as entry element Hindi Novel
700 ## - ADDED ENTRY--PERSONAL NAME
9 (RLIN) 25583
942 ## - ADDED ENTRY ELEMENTS (KOHA)
Source of classification or shelving scheme Dewey Decimal Classification
Item type Hindi Books
Classification part 821.08
Call number suffix नीतादा
Holdings
Withdrawn status Lost status Source of classification or shelving scheme Damaged status Not for loan Collection code Home library Current library Date acquired Source of acquisition Cost, normal purchase price Total Checkouts Full call number Barcode Date last seen Copy number Cost, replacement price Koha item type
    Dewey Decimal Classification   Not For Loan Fiction D.B.Act.Division D.B.Act.Division 28/07/2011 DBAD / PUB 150.00   821.08 नीतादा HN-65786 28/07/2011 1 150.00 Hindi Books

© Delhi Public Library
Hit Counter
free hit counter